000 00365nam a2200169Ia 4500
003 0STCL
008 150530s9999 xx 000 0 und d
040 _aSTCL
_cSTCL
100 _aRaja, K.C.A.
245 _aUnder the Greenwood tree
250 _aFirst
260 _c2005
546 _aEnglish
942 _2ddc
_cBK
999 _c58291
_d58291
005 20220125171044.0